01341ngm a2200277 u 450000100070000000500170000700700060002400800410003003500110007104000130008204100080009508000060010310000820010924500920019126000340028330000560031752003190037365000440069265000640073665000400080070000370084070000870087770000340096470000340099870000310103287296820260506152603.0vf|||040504e20030301 spa  a872968 ccomduadb aspa aV10aJaramillo, Maria Isabel4pro0(isni)0000 0000 7940 85430(viaf)121091507epro10aEntrevistas 200 anos Universidad de Antioquia : Maria Teresa Uribe de Hincapie. Vid. 6 aMedellín :bCanal U,c2003. a1 videocasete (25 min.) : son., col., 1/2 plg.; VHS3 aResumen : en la celebración de los 200 anos de la Universidad de Antioquia, el Canal U, ha realizado una serie de entrevistas. Entre estas personalidades tenemos a la Doctora Maria Teresa Uribe de Hincapié, Investigadora docente de la Universidad y fiel defensora de la celebración de los 200 anos en el 2003 aUniversidad de Antioquia - Bicentenario aUribe de Hincapié, María Teresa, 1940-2019 - Entrevista aUniversidad de Antioquia - Historia10aCardona, Luis Fernando4edteedt10aRestrepo Cuartas, Jaime,d 1944-4ivr0(isni)00000000284245350(viaf)21158866eivr10aAcevedo, John Byron4vdgevdg10aBarrientos, Rodolfo4vdgevdg10aHernandez, Edgar4vdgevdg